Ski Resorts by PAF - Statistics

General Stats
  • This quiz has been taken 12 times
  • The average score is 7 of 30
Answer Stats
Trail PAF Score Answer % Correct
Corbet´s Couloir 99.0 Jackson Hole
82%
Alf´s High Rustler 93.5 Alta
64%
Walsh´s 83.0 Aspen Mountain
64%
Mongolia Bowl 90.8 Vail
64%
Jupiter Bowl 86.1 Park City
55%
McConkey´s 81.5 Squaw Valley
55%
The Big Couloir 86.9 Big Sky
45%
Great Scott 94.2 Snowbird
45%
Couloir Extreme 88.5 Whistler-Blackcomb
45%
Whale Tail 81.7 Breckenridge
36%
Elevator 82.2 Brighton
27%
Empire Bowl 81.5 Deer Valley
27%
Gold Hill Chutes 95.6 Telluride
27%
Hanging Valley 88.9 Aspen Snowmass
18%
Centennial 84.9 Beaver Creek
18%
Fantasy Ridge 84.0 Solitude
18%
Christmas Chute 80.3 Alyeska
9%
Toilet Bowl 82.4 Grand Targhee
9%
Climax 84.5 Mammoth Mountain
9%
Chute One 88.3 Steamboat
9%
Vasquez Cirque 85.4 Winter Park
9%
Gauthier 78.7 Arapahoe Basin
0%
Highland Bowl 83.8 Aspen Highlands
0%
Rambo 79.5 Crested Butte
0%
Barely Legal 78.8 Fernie
0%
Notch Chute 80.3 Kirkwood
0%
North Bowl 85.0 Revelstoke
0%
Main Street 79.9 Toas
0%
Ptarmigan Bowl 80.6 Whitefish
0%
Terra Ratta 87.6 Whitewater
0%
No matching quizzes found
Score Distribution
Percent of People with Each Score
Percentile by Number Answered
Your Score History
You have not taken this quiz